La ciencia árabe en la edad media

Salvato in:
Dettagli Bibliografici
Autore principale: Sánchez Pérez, José Agusto (Autore)
Natura: Libro
Lingua:spagnolo
Pubblicazione: Madrid Consejo Superior de Investigaciones Científicas 1954
Soggetti:
Tags: Aggiungi Tag
Nessun Tag, puoi essere il primo ad aggiungerne!!

MARC

LEADER 00000nam a2200000 a 4500
001 UCO2268
003 CL-VaPUC
008 000602e19540000SP |||||||||||||||||spa|d
082 0 4 |a 508.953  |b SAN  |2 21 
100 0 |a Sánchez Pérez, José Agusto  |e author  |9 445273 
245 1 3 |a La ciencia árabe en la edad media 
300 |a 181 p 
942 |c BK 
945 |d 20000602 00:00:00  |a rherrera 
260 |a Madrid  |b Consejo Superior de Investigaciones Científicas  |c 1954 
650 0 |a Árabes  |9 316264 
650 7 |a CIENCIA ARABE  |2 CL-VaPUC  |9 445274 
650 0 |a Edad media  |9 258041 
650 0 |a Matemática  |9 260235 
650 0 |a Álgebra  |9 259567 
650 0 |a Astronomía  |9 260985 
650 0 |a Geometría   |9 264063 
650 0 |a Física   |9 227844 
650 0 |a Química  |9 259896 
650 7 |a CIENCIA ANTIGUA  |2 CL-VaPUC  |9 265700 
583 |a last modification  |c 20000602 00:00:00  |k Rodrigo Vera 
999 |c 288805  |d 288803 
952 |0 0  |1 0  |4 0  |6 508_953000000000000_SAN_1954  |7 0  |8 A  |9 336732  |a BIBHIS  |b BIBHIS  |d 2019-11-20  |i 1284304  |o 508.953 SAN 1954  |p 1284304  |r 2025-01-20  |w 2019-11-20  |y BK  |k HIS